Ufo361 errate die songs nach lyrics - Statistiken

Allgemein
  • Dieses Quiz wurde 262 mal gespielt
  • Das Durchschnittsergebnis liegt bei 5 aus 15
Antwortstatistiken
Hint Antwort % Korrekt
Baby, nimm ein‘n Schluck Emotions
72%
Ich bin immer noch derselbe, ja Scheiß auf eure Party
53%
Onkel Bonez, Onkel auch von Donald Duck 7
48%
Sie hat den A** von ihrer Mum, doch ihr Papa darf davon nichts erfahr‘n, nein, nein Nice Girl 2.0
39%
Keine Schule, kein Abi Balenciaga
38%
Schon das vierte Mal, dass ich aufwach in dieser Nacht 04:30
35%
So viel Weiber im Club, doch ich denk nur an dich, ja, ja Shot
35%
Vielleicht fahr ich meinen Porsche in die Wand Cobain
27%
Wei-Wei-Weiße Taube wird im Schatten anthrazit Paradies
23%
Bruder, sag mir, was für Bremsen? Next
20%
Fahr nie wieder mit der Bahn, ey (skrrt, skrrt, skrrt) 40K
19%
…als ich dich das erste Mal sah Match
17%
Bin wie‘n Vampir in dem Business Tageslicht
12%
Ich will nicht seh‘n wie du weinst, sondern… YKKE
12%
Ohne dich keine Farbe, nein Schwarz & Weiß
8%
Keine übereinstimmenden Quizze gefunden
Verteilung der Resultate
Anzahl Personen mit jedem Resultat
Perzentil nach korrekt beantworteten Fragen
Ihre Resultats-Entwicklung
Sie haben dieses Quiz noch nicht gespielt